Entry Personal Name
Number of records used in: 1
001 - CONTROL NUMBER
003 - CONTROL NUMBER IDENTIFIER
005 - DATE AND TIME OF LATEST TRANSACTION
- control field:
20220826154355.0
008 - FIXED-LENGTH DATA ELEMENTS
- fixed length control field:
020402n| acannaabn |n aaa c
010 ## - LIBRARY OF CONGRESS CONTROL NUMBER
- LC control number:
no2002027026
035 ## - SYSTEM CONTROL NUMBER
- System control number:
(OCoLC)oca05726939
040 ## - CATALOGING SOURCE
- Original cataloging agency:
NNC
- Language of cataloging:
eng
- Transcribing agency:
NNC
100 1# - HEADING--PERSONAL NAME
- Personal name:
Evans, F. B.
670 ## - SOURCE DATA FOUND
- Source citation:
Malabar and Anjengo, 1915:
- Information found:
t.p. (F.B. Evans)